Welcome to the Holygrace Academy Library

Please use search bar below to get started

KANNAN NAMBIAR DELHIYIL (Record no. 6984)

MARC details
000 -LEADER
fixed length control field 01095nam a22001577a 4500
020 ## - INTERNATIONAL STANDARD BOOK NUMBER
ISBN 780201379648
082 ## - DEWEY DECIMAL CLASSIFICATION NUMBER
Classification number 894.812.3
Item number MUN/K
100 ## - MAIN ENTRY--AUTHOR NAME
Personal name MUKUNDAN, M
245 ## - TITLE STATEMENT
Title KANNAN NAMBIAR DELHIYIL
246 ## - VARYING FORM OF TITLE
Title proper/short title KANNAN NAMBIAR DELHIYIL
Remainder of title KANNAN NAMBIAR DELHIYIL
260 ## - PUBLICATION, DISTRIBUTION, ETC. (IMPRINT)
Place of publication CALICUT
Name of publisher HARITHAM PUBLICATIONS
Year of publication 2016
300 ## - PHYSICAL DESCRIPTION
Number of Pages 50
520 ## - SUMMARY, ETC.
Summary, etc ഇന്ദ്രിയവും അതീന്ദ്രിയവുമായ എല്ലാ കാമനകളെയും മുകുന്ദരചനകള്‍ തൃപ്തിപ്പെടുത്തുന്നു. കേവലം പരായണ സുഖം ആഗ്രഹിക്കുന്ന ലളിത വായനക്കാര്‍ മുതല്‍ അങ്ങേയറ്റത്തെ ധിഷണാവ്യാപാരമായി വായനയെ സമീപിക്കുന്ന അനുവാചകന്‍ വരെ മുകുന്ദരചനകളെ സ്നേഹിക്കുന്നു.<br/>Customers who bought this book also purchased
650 ## - SUBJECT ADDED ENTRY--TOPICAL TERM
Topical Term MALAYALAM NOVEL
Geographic subdivision KERALA
942 ## - ADDED ENTRY ELEMENTS (KOHA)
Koha item type Books
Holdings
Withdrawn status Lost status Collection code Home library Current library Shelving location Date acquired Source of acquisition Cost, normal purchase price Full call number Accession Number Koha item type
    Fiction Main Library Main Library NEW SHELF WITH NEW ENTRY 26/10/2023 purchase 75.00 894.812.3 MUN/K 13155 Books